00795 2200265 4500001002100000005001500021035002000036007000300056008004100059040001200100100001600112245011800128250001000246300002800256020002200284082001000306084001600316260003300332520006500365600001800430850001200448990002300460990002300483990002300506INLIS00000000069513620240517011425 a0010-0223000002ta240517 0 ind  aJIPUBAY aTim Redaksi1 aFun activity book mewarnai & menempel stiker huruf alfabet /cPenulis, Tim Redaksi ; Penyunting, Randi Renggana ; aCet.1 a32 hlm :bIlus ;c19 cm a978-602-5538-88-9 a372.4 a372.4 TIM f aBandung :bRuang Kata,c2021 aFUN ACTIVITY BOOK : MEWARNAI & MENEMPEL STIKER HURUF ALFABET 4aKomik, Bacaan aJIPUBAY a508902/DPKBWI/2022 a508903/DPKBWI/2022 a508904/DPKBWI/2022